000 00383nam a22001577a 4500
005 20200601105236.0
008 200601b xxu||||| |||| 00| 0 eng d
041 _aeng
082 _a340
100 _aBARE ACT
_95744
245 _aTHE MOTOR VEHICLES ACT, 1988 (59 TO 1988)
260 _aDELHI
_bPROFESSIONAL BOOK PUBLISHERS
300 _a244;p
650 _aLAW
_95701
942 _cBK
999 _c6762
_d6760